00989nam a22001697a 4500999001900000008004100019100002500060245010900085260001900194300003600213520035500249650006800604773001900672906001000691942000700701952011100708 c523800d523800230927b ||||| |||| 00| 0 eng d aGupta, Juhi, 944027 aWomen leaders in global peacemaking: Ensuring sustaining peace and protecting human and women’s rights aSocial Action  a73(2), Apr-Jun, 2023: p.163-177 aWomen’s inclusion in the peacemaking process has always have a matter of global debate. While many counters have well-established regulations to vouch for women’s inclusivity, few still log behind. The current study highlights the overall scenario of how society responds to adversities when women lead the peacemaking processes. – Reproduced  aWomen, Conflicts, Peacemaking, Case studies, Inclusion. 940864 aSocial Action  aWOMEN cAR 00102ddc40709398850aIIPAbIIPAd2023-09-27h73(2), Apr-Jun, 2023: p.163-177pAR129698r2023-09-27yAR